El Metrogoldin /

Guardado en:
Detalles Bibliográficos
Autor principal: Rosasco, José Luis (autor)
Formato: Libro
Idioma:Español
Publicado: Santiago, Chile : Andrés Bello, 2003, c2003
Edición:3a edición
Temas:
Etiquetas: Agrega una etiqueta
Sin etiquetas, Sé el primero en etiquetar este registro!

MARC

LEADER 00000nam^a2200000^a^4500
001 000184986
005 20250521000000.0
009 20260310102134.076
020 |a 956-13-1470-3 
037 |a Acervo ITESO - Biblioteca 
041 |a ESP 
082 |a 808. 899282  |b ROS 
100 |a Rosasco, José Luis  |e (autor) 
245 1 3 |a El Metrogoldin /  |c J.L. Rosasco. 
250 |a 3a edición 
264 4 |a Santiago, Chile :  |b Andrés Bello,  |c 2003, c2003 
300 |a 173 p. 
336 |a texto  |b txt  |2 rdacontenido 
337 |a sin mediación  |b n  |2 rdamedio 
338 |a volumen  |b nc  |2 rdasoporte 
649 |a XX 
650 |a Novela Chilena 
650 |a Literatura Juvenil -  |z Chile 
650 |a Literatura Chilena -  |y Siglo XX 
910 |a Fondo General 
920 |a Impresos - Libros 
930 |a Colección General 
940 |a Literatura 
905 |a 101 
901 |a 0500125925  |b IT1  |c LIT  |u 20250521 
902 |a https://opac.biblio.iteso.mx/vufind/Record/000184986